[Event "Parma Province-ch"]
[Site "Salsomaggiore Terme"]
[Date "2015.03.22"]
[Round "5"]
[White "Shubitidze, Pietro"]
[Black "Pagani, Fausto"]
[Result "0-1"]
[WhiteElo "1368"]
[BlackElo "1586"]
[PlyCount "84"]
[EventDate "2015.03.20"]
[EventType "swiss"]
[EventRounds "5"]
[EventCountry "ITA"]
[SourceTitle "EXT 2017"]
[Source "ChessBase"]
[SourceDate "2016.10.25"]
[SourceVersion "1"]
[SourceVersionDate "2016.10.25"]
[SourceQuality "1"]

1. e4 e6 2. Nf3 c5 3. Bc4 Nc6 4. 0-0 d5 5. Bd3 Nf6 6. Nc3 a6 7. b3 b5 8. Ba3 b4 9. Nb1 bxa3 10. Nxa3 Be7 11. Re1 0-0 12. c4 dxe4 13. Bxe4 Nxe4 14. Rxe4 Bb7 15. Nc2 Bf6 16. Rb1 Ne7 17. Re3 Nf5 18. Re2 Bxf3 19. gxf3 Nd4 20. Nxd4 Bxd4 21. a3 Qg5+ 22. Kf1 Qh4 23. Kg1 Qg5+ 24. Kf1 a5 25. b4 axb4 26. axb4 Ra3 27. d3 Rfa8 28. Rb3 Ra1 29. Ke1 Rxd1+ 30. Kxd1 Ra1+ 31. Kc2 Ra2+ 32. Kd1 Rxe2 33. Kxe2 Qe5+ 34. Kd2 Qf4+ 35. Kc2 g6 36. b5 Qxf3 37. b6 Qxf2+ 38. Kc1 Qg1+ 39. Kc2 Qxh2+ 40. Kc1 Qh1+ 41. Kc2 Qb7 42. Kd2 h5 0-1

[Event "Parma Province-ch"]
[Site "Salsomaggiore Terme"]
[Date "2015.03.21"]
[Round "3"]
[White "Bettini, Sofia"]
[Black "Pagani, Fausto"]
[Result "0-1"]
[WhiteElo "1407"]
[BlackElo "1586"]
[PlyCount "66"]
[EventDate "2015.03.20"]
[EventType "swiss"]
[EventRounds "5"]
[EventCountry "ITA"]
[SourceTitle "EXT 2017"]
[Source "ChessBase"]
[SourceDate "2016.10.25"]
[SourceVersion "1"]
[SourceVersionDate "2016.10.25"]
[SourceQuality "1"]

1. d4 d5 2. Nf3 Nf6 3. g3 e6 4. Bg2 c5 5. e3 Nc6 6. b3 b5 7. Bb2 Qa5+ 8. Nbd2 c4 9. c3 b4 10. Qc2 bxc3 11. Qxc3 Bb4 12. Qc2 c3 13. Bxc3 Bxc3 14. Rc1 Bxd2+ 15. Nxd2 Bd7 16. 0-0 0-0 17. a4 Rfc8 18. Qb2 Rab8 19. Rc5 Qd8 20. Rfc1 Nb4 21. Bf1 Rxc5 22. dxc5 Bc6 23. Nf3 Qc7 24. Ne5 Nd7 25. Nxc6 Nxc6 26. Bb5 Nb4 27. c6 Ne5 28. Qa3 a5 29. Kg2 Rb6 30. Rc5 Nexc6 31. Qc1 Qb7 32. Bxc6 Rxc6 33. Rb5 Qxb5 0-1

[Event "Parma Province-ch"]
[Site "Salsomaggiore Terme"]
[Date "2015.03.20"]
[Round "1"]
[White "Pagani, Fausto"]
[Black "Orlando, Luigi"]
[Result "0-1"]
[WhiteElo "1586"]
[BlackElo "1873"]
[PlyCount "50"]
[EventDate "2015.03.20"]
[EventType "swiss"]
[EventRounds "5"]
[EventCountry "ITA"]
[SourceTitle "EXT 2017"]
[Source "ChessBase"]
[SourceDate "2016.10.25"]
[SourceVersion "1"]
[SourceVersionDate "2016.10.25"]
[SourceQuality "1"]

1. d4 Nf6 2. c4 g6 3. Nc3 Bg7 4. e4 d6 5. f3 0-0 6. Be3 e5 7. d5 c6 8. Nge2 cxd5 9. cxd5 Nbd7 10. Qd2 Nc5 11. Bh6 Bxh6 12. Qxh6 Nd3+ 13. Kd2 Nxb2 14. g4 Qa5 15. Kc2 Na4 16. h4 Nxc3 17. Nxc3 Bd7 18. Kd2 Rac8 19. Rc1 b5 20. a3 Qxa3 21. Bxb5 Bxb5 22. Nxb5 Qb2+ 23. Kd3 Qxb5+ 24. Ke3 Qb2 25. Rxc8 Rxc8 0-1

[Event "Vescovato Gerolamo op-B 13th"]
[Site "Vescovato"]
[Date "2014.04.27"]
[Round "5"]
[White "Maffeo, Mauro"]
[Black "Pagani, Fausto"]
[Result "0-1"]
[WhiteElo "1746"]
[BlackElo "1478"]
[PlyCount "120"]
[EventDate "2014.04.25"]
[EventType "swiss"]
[EventRounds "6"]
[EventCountry "ITA"]
[SourceTitle "EXT 2024"]
[Source "ChessBase"]
[SourceDate "2023.10.10"]
[SourceVersion "1"]
[SourceVersionDate "2023.10.10"]
[SourceQuality "1"]

1. d4 d5 2. e3 Nf6 3. f4 g6 4. Bd3 Bg7 5. Nf3 Bg4 6. Nbd2 e6 7. 0-0 0-0 8. b3 Nbd7 9. Bb2 Re8 10. Qe1 Bf5 11. Qg3 Nh5 12. Qf2 Bxd3 13. cxd3 Nhf6 14. Qg3 Nh5 15. Qh3 f5 16. Ne5 Nxe5 17. fxe5 Qg5 18. Qf3 Rf8 19. Qe2 Bh6 20. Rf3 Rac8 21. Rc1 c6 22. Ba3 Rf7 23. Bd6 b6 24. Kh1 Bf8 25. Bxf8 Rfxf8 26. b4 a5 27. a3 axb4 28. axb4 Qe7 29. Rb1 Ra8 30. Nf1 Ra4 31. Rc1 Rc8 32. h3 Rxb4 33. Nh2 Qh4 34. Qa2 Qd8 35. Qa3 Rb5 36. Qc3 Ra5 37. e4 fxe4 38. dxe4 dxe4 39. Rff1 Qe7 40. Ng4 Ra3 41. Nf6+ Nxf6 42. exf6 Rxc3 43. fxe7 Rxc1 44. Rxc1 Kf7 45. Re1 Kxe7 46. Rxe4 Ra8 47. Kh2 Ra4 48. Rh4 h5 49. g4 hxg4 50. Rxg4 Rc4 51. Rxg6 Rxd4 52. Rg7+ Kd6 53. Rg8 c5 54. Kg3 Ke7 55. h4 Kf6 56. h5 Kf7 57. Rg6 c4 58. Rh6 c3 59. Rh8 c2 60. Rc8 Rd2 0-1